<?xml version="1.0" encoding="UTF-8"?>
<collection xmlns:xsi="http://www.w3.org/2001/XMLSchema-instance" xsi:schemaLocation="http://www.loc.gov/MARC21/slim http://www.loc.gov/standards/marcxml/schema/MARC21slim.xsd" xmlns="http://www.loc.gov/MARC21/slim">
 <record>
  <leader>00000nam a22000004a 4500</leader>
  <controlfield tag="001">UP-8027390931311265018</controlfield>
  <controlfield tag="003">Buklod</controlfield>
  <controlfield tag="005">20241009100042.0</controlfield>
  <controlfield tag="006">t     r    |||| u|</controlfield>
  <controlfield tag="007">ta</controlfield>
  <controlfield tag="008">241009s2024    xxu     r    |||| u|eng d</controlfield>
  <datafield tag="040" ind1=" " ind2=" ">
   <subfield code="a">DCHE</subfield>
   <subfield code="e">rda</subfield>
  </datafield>
  <datafield tag="041" ind1=" " ind2=" ">
   <subfield code="a">eng</subfield>
  </datafield>
  <datafield tag="090" ind1=" " ind2="0">
   <subfield code="a">LG 993.5 2024 F2</subfield>
   <subfield code="b">C36</subfield>
  </datafield>
  <datafield tag="100" ind1="1" ind2=" ">
   <subfield code="a">Cantos, Angela Danielle M.</subfield>
   <subfield code="e">author</subfield>
  </datafield>
  <datafield tag="245" ind1="1" ind2="0">
   <subfield code="a">The kinkeeping role of working mothers in Filipino nuclear families</subfield>
   <subfield code="c">Angela Danielle M. Cantos and Kyla Marie S. Medel.</subfield>
  </datafield>
  <datafield tag="264" ind1=" " ind2="0">
   <subfield code="a">Quezon City</subfield>
   <subfield code="b">University of the Philippines Diliman</subfield>
   <subfield code="c">2024</subfield>
  </datafield>
  <datafield tag="300" ind1=" " ind2=" ">
   <subfield code="a">iv, 125 leaves</subfield>
   <subfield code="b">illustrations</subfield>
   <subfield code="c">28 cm.</subfield>
  </datafield>
  <datafield tag="336" ind1=" " ind2=" ">
   <subfield code="a">text</subfield>
   <subfield code="2">rdacontent</subfield>
  </datafield>
  <datafield tag="337" ind1=" " ind2=" ">
   <subfield code="a">unmediated</subfield>
   <subfield code="2">rdamedia</subfield>
  </datafield>
  <datafield tag="338" ind1=" " ind2=" ">
   <subfield code="a">volume</subfield>
   <subfield code="2">rdacarrier</subfield>
  </datafield>
  <datafield tag="500" ind1=" " ind2=" ">
   <subfield code="a">In partial fulfillment for the Degree of Bachelor of Science in Family Life and Child Development.</subfield>
  </datafield>
  <datafield tag="502" ind1=" " ind2=" ">
   <subfield code="a">Thesis</subfield>
   <subfield code="b">Bachelor of Science in Family Life and Child Development</subfield>
   <subfield code="c">University of the Philippines Diliman</subfield>
   <subfield code="d">2024</subfield>
  </datafield>
  <datafield tag="506" ind1=" " ind2=" ">
   <subfield code="a">This thesis is available to the public.</subfield>
  </datafield>
  <datafield tag="506" ind1=" " ind2=" ">
   <subfield code="a">Thesis classification: P</subfield>
  </datafield>
  <datafield tag="520" ind1=" " ind2=" ">
   <subfield code="a">This thesis is an exploratory study on how kinkeeping is done in the context of Filipino families and the specific role that the mothers play in this. The current studies on kinkeeping are lacking, specifically focusing only on how Filipino families maintain relationships, which does fall under kinkeeping but does not fully represent it. Thus, this study sought to look into the pivotal role that working mothers play in the kinkeeping of Filipino nuclear families. Moreover, the study also aimed to determine the responsibilities, challenges, and coping strategies mothers use in fulfilling their kinkeeping role. The researchers utilized a qualitative research design through in-depth interviews of 15 Filipino working mothers residing in Metro Manila. Interviews were transcribed and thematically analyzed using the lens of matricentric feminism. With the data gathered, the study found that the participant mothers, although coming from different contexts with unique experiences, share similar responsibilities categorized into responsibilities in home management, childcare, and maintenance of family relationships. Gendered family dynamics still remain visible as mothers balance their productive and reproductive work, which produces multidimensional challenges that are both physical and cognitive. In contrast, their coping strategies are usually only within the cognitive dimension. Overall, the kinkeeping role of working mothers in Filipino nuclear families was found to be dynamic in the sense that their responsibilities and challenges change with daily family life and context they are in.</subfield>
  </datafield>
  <datafield tag="650" ind1=" " ind2="0">
   <subfield code="a">Motherhood</subfield>
   <subfield code="z">Philippines.</subfield>
  </datafield>
  <datafield tag="653" ind1=" " ind2="0">
   <subfield code="a">Kinkeeping.</subfield>
  </datafield>
  <datafield tag="653" ind1=" " ind2="0">
   <subfield code="a">Filipino family.</subfield>
  </datafield>
  <datafield tag="700" ind1="1" ind2=" ">
   <subfield code="a">Medel, Kyla Marie S.</subfield>
   <subfield code="e">author.</subfield>
  </datafield>
  <datafield tag="700" ind1="1" ind2=" ">
   <subfield code="a">Constantino, Kathleen Keisha R.</subfield>
   <subfield code="e">adviser.</subfield>
  </datafield>
  <datafield tag="842" ind1=" " ind2=" ">
   <subfield code="a">Thesis</subfield>
  </datafield>
  <datafield tag="856" ind1="4" ind2="0">
   <subfield code="y">Available for University of the Philippines Diliman via Digital Archives. Click here to access</subfield>
   <subfield code="u">https://digitalarchives.upd.edu.ph/item/61632/971/aKIm7bmlLLjgbLCAlkd3J347</subfield>
  </datafield>
  <datafield tag="905" ind1=" " ind2=" ">
   <subfield code="a">UP</subfield>
  </datafield>
  <datafield tag="950" ind1=" " ind2=" ">
   <subfield code="a">Paper</subfield>
  </datafield>
  <datafield tag="852" ind1="0" ind2=" ">
   <subfield code="a">UPD</subfield>
   <subfield code="b">DCHE</subfield>
   <subfield code="h">LG 993.5 2024 F2</subfield>
   <subfield code="i">C36</subfield>
  </datafield>
  <datafield tag="942" ind1=" " ind2=" ">
   <subfield code="a">Thesis</subfield>
  </datafield>
 </record>
</collection>
